The Multinational companies in energing markets CD-ROM 2011.
| Format: | Book |
|---|---|
| Published: |
London:
Business Monitor International,
2011.
|
| Subjects: |
| LEADER | 00530cam a2200145 7i4500 | ||
|---|---|---|---|
| 001 | 0000030595 | ||
| 005 | 20131217090000.0 | ||
| 090 | 0 | 0 | |a CD 338.7025 |b MUL |
| 245 | 0 | 4 | |a The Multinational companies in energing markets CD-ROM 2011. |
| 260 | 0 | 0 | |a London: |b Business Monitor International, |c 2011. |
| 300 | # | # | |a Electronic computer optical disc (CD-ROM). |
| 650 | 0 | 0 | |a Business -- |x Directories -- |z Malaysia |
| 650 | 0 | 0 | |a International trade -- |x Directories |
| 651 | 0 | 0 | |a Malaysia |
| 999 | |a CDR001048B |b CD-ROM |c AV Collection |e Business Information Centre | ||